[Event "BIH-chT1 30th"]
[Site "Gorazde"]
[Date "2023.08.31"]
[Round "9.1"]
[White "Cisic, Alan"]
[Black "Kadric, Denis"]
[Result "0-1"]
[WhiteElo "2235"]
[BlackElo "2600"]
[PlyCount "74"]
[EventDate "2023.08.26"]
[EventType "team-tourn"]
[EventRounds "9"]
[EventCountry "BIH"]
[SourceTitle "CBM 216 Extra"]
[Source "ChessBase"]
[SourceDate "2023.11.30"]
[SourceVersion "1"]
[SourceVersionDate "2023.11.30"]
[SourceQuality "1"]

1. e4 c5 2. Nf3 d6 3. d4 cxd4 4. Nxd4 Nf6 5. Nc3 a6 6. Bg5 Nbd7 7. Bc4 Qb6 8. Nb3 Qc7 9. Qe2 b5 10. Bd3 e6 11. a3 Be7 12. 0-0 Bb7 13. f4 0-0 14. Rae1 h6 15. Bh4 e5 16. Bg3 Rfe8 17. Qf3 Rad8 18. Kh1 Bf8 19. Nd5 Bxd5 20. exd5 e4 21. Bxe4 Nxe4 22. Rxe4 Qxc2 23. Rxe8 Rxe8 24. Bf2 Qxb2 25. Nd4 Nf6 26. g4 Ne4 27. Bg1 Qa2 28. Nb3 Qxa3 29. g5 hxg5 30. fxg5 Nxg5 31. Qc3 Qa2 32. h4 Qe2 33. Rf4 Ne4 34. Qh3 Qc4 35. Nd4 Qxd5 36. Kh2 Qe5 37. Qg2 Nf6 0-1

[Event "BIH-chT1 30th"]
[Site "Gorazde"]
[Date "2023.08.29"]
[Round "6.2"]
[White "Cisic, Alan"]
[Black "Besirevic, Jasmin"]
[Result "1-0"]
[WhiteElo "2235"]
[BlackElo "1835"]
[PlyCount "101"]
[EventDate "2023.08.26"]
[EventType "team-tourn"]
[EventRounds "9"]
[EventCountry "BIH"]
[SourceTitle "CBM 216 Extra"]
[Source "ChessBase"]
[SourceDate "2023.11.30"]
[SourceVersion "1"]
[SourceVersionDate "2023.11.30"]
[SourceQuality "1"]

1. e4 c5 2. Nf3 Nc6 3. d4 cxd4 4. Nxd4 Nf6 5. Nc3 d6 6. Bg5 e6 7. Qd2 a6 8. 0-0-0 Ne5 9. f4 Ng6 10. f5 Ne5 11. fxe6 fxe6 12. g3 Nf7 13. Bh3 Qe7 14. Nf3 h6 15. Bxf6 Qxf6 16. Rhf1 Be7 17. Kb1 0-0 18. Nd4 Qg6 19. Qe3 Bd7 20. Nce2 Ng5 21. Nf4 Qxe4 22. Qxe4 Nxe4 23. Bxe6+ Bxe6 24. Ndxe6 Rf6 25. Nc7 Rc8 26. Ncd5 Rf7 27. Rfe1 Rc4 28. b3 Nc3+ 29. Nxc3 Rxc3 30. Nd5 Bf6 31. Nxc3 Bxc3 32. Rf1 Rd7 33. Rd3 Be5 34. c4 b6 35. Kc2 Rb7 36. Rd5 h5 37. b4 h4 38. gxh4 Bxh2 39. Rdf5 Re7 40. Kd3 Re6 41. Rf8+ Kh7 42. Ra8 a5 43. bxa5 bxa5 44. Rxa5 Bg3 45. h5 Be1 46. Raf5 Bb4 47. Rg5 Re7 48. Rff5 Ra7 49. Rg2 Bc5 50. Ke4 Ra5 51. Rf7 1-0

[Event "BIH-chT1 30th"]
[Site "Gorazde"]
[Date "2023.08.27"]
[Round "2.2"]
[White "Cisic, Alan"]
[Black "Mesic, Ismet"]
[Result "0-1"]
[WhiteElo "2235"]
[BlackElo "2236"]
[PlyCount "116"]
[EventDate "2023.08.26"]
[EventType "team-tourn"]
[EventRounds "9"]
[EventCountry "BIH"]
[SourceTitle "CBM 216 Extra"]
[Source "ChessBase"]
[SourceDate "2023.11.30"]
[SourceVersion "1"]
[SourceVersionDate "2023.11.30"]
[SourceQuality "1"]

1. e4 c5 2. Nf3 d6 3. Bb5+ Bd7 4. Bxd7+ Qxd7 5. 0-0 Nc6 6. c3 Nf6 7. Qe2 e6 8. d4 d5 9. e5 Ne4 10. Be3 Be7 11. Ne1 cxd4 12. cxd4 f5 13. f3 Ng5 14. Nd3 0-0 15. Qd2 h6 16. Nc3 Rac8 17. Ne2 Kh7 18. Rfc1 Nf7 19. b4 b6 20. a3 Nb8 21. Qd1 g5 22. Qb3 Rxc1+ 23. Rxc1 Rc8 24. b5 Rxc1+ 25. Bxc1 Qc8 26. a4 a5 27. Kf1 Kg7 28. Ke1 Nd7 29. Kd1 Nf8 30. Bd2 Ng6 31. Be1 h5 32. Qc2 Qxc2+ 33. Kxc2 h4 34. h3 f4 35. Nec1 Nh6 36. Nb3 Bd8 37. Ndc5 Kf7 38. Nb7 Ke8 39. N3xa5 bxa5 40. Nxd8 Kxd8 41. Bxa5+ Kc8 42. Bb6 Nf8 43. Bc5 Nd7 44. Be7 Nf5 45. Bxg5 Nxd4+ 46. Kd3 Nf5 47. Bxf4 Nc5+ 48. Ke2 Nxa4 49. Kf2 Nc3 50. g4 hxg3+ 51. Bxg3 Nxb5 52. h4 Kd7 53. h5 Ke7 54. Bf4 Kf7 55. Bg5 Ng7 56. h6 Nf5 57. f4 Kg6 58. Kf3 Nbd4+ 0-1

[Event "BIH-chT 29th"]
[Site "Bihac"]
[Date "2022.08.24"]
[Round "3.2"]
[White "Cisic, Alan"]
[Black "Runic, Zoran"]
[Result "0-1"]
[WhiteElo "2262"]
[BlackElo "2263"]
[PlyCount "91"]
[EventDate "2022.08.23"]
[EventType "tourn"]
[EventRounds "9"]
[EventCountry "BIH"]
[SourceTitle "CBM 210 Extra"]
[Source "ChessBase"]
[SourceDate "2022.11.30"]
[SourceVersion "1"]
[SourceVersionDate "2022.11.30"]
[SourceQuality "1"]

1. e4 d6 2. d4 g6 3. Nf3 Bg7 4. h3 Nd7 5. Be3 b6 6. Nc3 Bb7 7. Qd2 a6 8. Bc4 e6 9. Bg5 Ndf6 10. Qe2 h6 11. Bh4 g5 12. Bg3 Ne7 13. 0-0-0 Nh5 14. Bh2 Ng6 15. Rhe1 Nhf4 16. Qf1 Qe7 17. g3 Nh5 18. Qe2 b5 19. Ng1 Nxg3 20. Bxg3 bxc4 21. Qxc4 Qd7 22. Nf3 0-0 23. h4 g4 24. Nh2 e5 25. dxe5 Bxe5 26. Nd5 Bxd5 27. Qxd5 Rae8 28. h5 Bxg3 29. fxg3 Re5 30. Qd2 Rxh5 31. Nf1 Qe6 32. Kb1 Ne5 33. Qf4 Ng6 34. Qf2 a5 35. Rd4 Ne5 36. Ra4 f5 37. exf5 Rhxf5 38. Qe2 Rf2 39. Qd1 h5 40. Nd2 Qd5 41. Ne4 Qxd1+ 42. Rxd1 Re2 43. b3 Kg7 44. Rd5 Rf1+ 45. Kb2 Rg1 46. Nc3 0-1

[Event "BIH CFFBH-chT2"]
[Site "Cazin"]
[Date "2009.06.27"]
[Round "1"]
[White "Cisic, Alan"]
[Black "Tajic, Zlatan"]
[Result "1-0"]
[WhiteElo "2203"]
[BlackElo "2148"]
[PlyCount "73"]
[EventDate "2009.06.27"]
[EventType "team-tourn"]
[EventRounds "9"]
[EventCountry "BIH"]
[SourceTitle "EXT 2019"]
[Source "ChessBase"]
[SourceDate "2018.10.10"]
[SourceVersion "1"]
[SourceVersionDate "2018.10.10"]
[SourceQuality "1"]

1. e4 c5 2. Nf3 d6 3. d4 cxd4 4. Nxd4 Nf6 5. Nc3 a6 6. f3 e6 7. Be3 Qc7 8. Qd2 Nc6 9. g4 Ne5 10. g5 Nfd7 11. f4 Nc4 12. Bxc4 Qxc4 13. 0-0-0 b5 14. b3 Qb4 15. Kb2 Bb7 16. f5 e5 17. Nde2 Bxe4 18. Nxe4 Qxe4 19. Nc3 Qc6 20. Qd3 Nc5 21. Bxc5 Qxc5 22. Ne4 Qc6 23. f6 0-0-0 24. Nc3 g6 25. Nd5 Kb8 26. Rc1 h6 27. c4 hxg5 28. cxb5 Qxb5 29. Rc4 Rh4 30. a4 Qb7 31. Rc7 Qa8 32. Rhc1 Rd4 33. Qc3 Qxd5 34. Rc8+ Rxc8 35. Qxc8+ Ka7 36. Qd7+ Qb7 37. Rc7 1-0

[Event "BIH-chT1"]
[Site "Neum"]
[Date "2008.08.26"]
[Round "5.3"]
[White "Iveljic, Igor"]
[Black "Cisic, Alan"]
[Result "1-0"]
[WhiteElo "2280"]
[BlackElo "2244"]
[PlyCount "91"]
[EventDate "2008.08.23"]
[EventType "team-tourn"]
[EventRounds "9"]
[EventCountry "BIH"]
[SourceTitle "CBM 126 Extra"]
[Source "ChessBase"]
[SourceDate "2008.11.05"]
[SourceVersion "1"]
[SourceVersionDate "2008.11.05"]
[SourceQuality "1"]

1. e4 d6 2. d4 Nf6 3. Bd3 e5 4. d5 Be7 5. c4 0-0 6. Nc3 Na6 7. Nf3 Nc5 8. 0-0 Nxd3 9. Qxd3 Nh5 10. Qd1 g6 11. Ne1 Bg5 12. Nd3 Bxc1 13. Qxc1 f5 14. f3 c5 15. dxc6 bxc6 16. Qe3 c5 17. Rad1 f4 18. Qd2 Qe7 19. Nc1 Rd8 20. Nd5 Qf7 21. Ne2 Ng7 22. a3 Ne6 23. b4 Bb7 24. Nec3 Rac8 25. b5 Nd4 26. Rb1 Rb8 27. a4 Bc8 28. a5 g5 29. Ne2 Be6 30. Rb2 h5 31. Rfb1 g4 32. Nxd4 cxd4 33. b6 axb6 34. axb6 gxf3 35. gxf3 Kh8 36. Kh1 Rg8 37. Qf2 Bh3 38. Qh4 Be6 39. Nf6 Rg7 40. b7 Rg6 41. Qxh5+ Kg7 42. Ng4 Bxc4 43. Nxe5 dxe5 44. Qxe5+ Kh7 45. Qxb8 Bd3 46. Qe5 1-0

[Event "BIH CFFBH-chT1"]
[Site "Neum"]
[Date "2007.08.28"]
[Round "5"]
[White "Mrsevic, Miroslav"]
[Black "Cisic, Alan"]
[Result "1/2-1/2"]
[WhiteElo "2286"]
[BlackElo "2215"]
[PlyCount "26"]
[EventDate "2007.08.25"]
[EventType "team-tourn"]
[EventRounds "9"]
[EventCountry "BIH"]
[SourceTitle "EXT 2023"]
[Source "ChessBase"]
[SourceDate "2022.10.05"]
[SourceVersion "1"]
[SourceVersionDate "2022.10.05"]
[SourceQuality "1"]

1. g3 g6 2. Bg2 Bg7 3. d4 Nf6 4. e4 d6 5. Nc3 0-0 6. Nge2 e5 7. 0-0 Na6 8. h3 c6 9. Be3 Qe8 10. Re1 h5 11. Qd2 Be6 12. Rad1 Qe7 13. Kh2 Nh7 1/2-1/2

[Event "BIH CFFBH-chT1"]
[Site "Neum"]
[Date "2007.08.27"]
[Round "4"]
[White "Cisic, Alan"]
[Black "Vlatkovic, Sinisa"]
[Result "1/2-1/2"]
[WhiteElo "2215"]
[BlackElo "2336"]
[PlyCount "88"]
[EventDate "2007.08.25"]
[EventType "team-tourn"]
[EventRounds "9"]
[EventCountry "BIH"]
[SourceTitle "EXT 2023"]
[Source "ChessBase"]
[SourceDate "2022.10.05"]
[SourceVersion "1"]
[SourceVersionDate "2022.10.05"]
[SourceQuality "1"]

1. e4 d6 2. d4 Nf6 3. Nc3 e5 4. dxe5 dxe5 5. Qxd8+ Kxd8 6. Bg5 c6 7. f4 h6 8. 0-0-0+ Nbd7 9. Bxf6+ gxf6 10. f5 Bb4 11. Bc4 Bxc3 12. bxc3 Ke7 13. Nh3 Nc5 14. Nf2 b6 15. Bb3 a5 16. a3 Ba6 17. Kd2 Bb5 18. Rc1 a4 19. Ba2 Rhd8+ 20. Ke3 Nb7 21. Nd3 Nd6 22. Nb2 Ba6 23. Nxa4 Bc4 24. Bb3 b5 25. Nc5 Rxa3 26. Ra1 Rda8 27. Rxa3 Rxa3 28. Rd1 Bxb3 29. cxb3 Ra2 30. Rd2 Ra1 31. Kf2 Rc1 32. Rd3 Rc2+ 33. Kf3 h5 34. h4 Rc1 35. Re3 Nc8 36. g3 Kd6 37. b4 Nb6 38. Rd3+ Ke7 39. Nb3 Rc2 40. Na5 Na4 41. Nxc6+ Kf8 42. Na7 Nxc3 43. Rd8+ Kg7 44. Re8 Ne2 1/2-1/2

[Event "BIH CFFBH-chT1A"]
[Site "Neum"]
[Date "2006.08.28"]
[Round "4"]
[White "Cisic, Alan"]
[Black "Burovic, Ismet"]
[Result "1-0"]
[WhiteElo "2155"]
[BlackElo "2351"]
[PlyCount "115"]
[EventDate "2006.08.26"]
[EventType "team-tourn"]
[EventRounds "9"]
[EventCountry "BIH"]
[SourceTitle "EXT 2023"]
[Source "ChessBase"]
[SourceDate "2022.10.05"]
[SourceVersion "1"]
[SourceVersionDate "2022.10.05"]
[SourceQuality "1"]

1. e4 d6 2. d4 Nf6 3. Nc3 c6 4. f4 Qa5 5. e5 Ne4 6. Qf3 Nxc3 7. Bd2 Bf5 8. Bxc3 Qd5 9. Qxd5 cxd5 10. 0-0-0 Nc6 11. Bd3 Bxd3 12. Rxd3 e6 13. Nf3 Be7 14. Kb1 Rc8 15. Bd2 Rc7 16. Rb3 0-0 17. Re1 Rfc8 18. Re2 g6 19. Be1 Kg7 20. a3 h6 21. Rd3 b5 22. Bh4 Bxh4 23. Nxh4 dxe5 24. dxe5 a6 25. b3 Nb8 26. Nf3 Nd7 27. Nd4 Nc5 28. Rc3 Kf8 29. Ree3 Ke7 30. Kb2 Ne4 31. Rxc7+ Rxc7 32. g4 Rc8 33. Rh3 g5 34. Rxh6 gxf4 35. g5 Nxg5 36. Rh4 f3 37. Rf4 Rh8 38. h4 Ne4 39. Nxf3 Rg8 40. Nd4 Rg2 41. Nc6+ Ke8 42. Nb8 Nc5 43. Kc3 a5 44. Nc6 Ne4+ 45. Kb2 a4 46. Nd4 Nc5 47. Kc3 axb3 48. cxb3 b4+ 49. axb4 Ne4+ 50. Kd3 Rh2 51. b5 Rh3+ 52. Nf3 f5 53. exf6 e5 54. Rf5 Kf8 55. Ke3 Kf7 56. Rxe5 Kxf6 57. Rxd5 Nc3 58. Rc5 1-0